Petit atlas historique de la culture en Occident (notice n° 2118549)

détails MARC
000 -LEADER
fixed length control field 01497cam a2200133 4500500
005 - DATE AND TIME OF LATEST TRANSACTION
control field 20260405015835.0
041 ## - LANGUAGE CODE
Language code of text/sound track or separate title fre
042 ## - AUTHENTICATION CODE
Authentication code dc
100 10 - MAIN ENTRY--PERSONAL NAME
Personal name Nouschi, Marc
Relator term author
245 00 - TITLE STATEMENT
Title Petit atlas historique de la culture en Occident
260 ## - PUBLICATION, DISTRIBUTION, ETC.
Name of publisher, distributor, etc. Armand Colin,<br/>
Date of publication, distribution, etc. 2009.<br/>
520 ## - SUMMARY, ETC.
Summary, etc. La collection des Petits atlas historiques propose, en parfaite adéquation avec les attentes des étudiants de classes préparatoires et des universités, un panorama clair et synthétique des grandes périodes historiques. Chaque ouvrage, constitué de fiches enrichies de cartes, généalogies, chronologies, graphiques et tableaux, permet de faire le point efficacement sur les principaux aspects des thématiques abordées. Dans ce premier opus thématique de la collection des Petits Atlas historiques, Marc Nouschi, Directeur régional des affaires culturelles, propose une lecture originale de la culture dans l'aire occidentale, des invasions indoeuropéennes à la période actuelle. Il souhaite avant tout faire partager des coups de coeur, symptomatiques d'une évolution, et mettre en lumière le trésor culturel qui est le nôtre. Événements emblématiques, hauts lieux, grandes figures, monuments, mais aussi pensée et enjeux idéologiques sont autant de pistes offertes au lecteur pour découvrir et comprendre le fait culturel en Occident.
856 41 - ELECTRONIC LOCATION AND ACCESS
Uniform Resource Identifier <a href="https://shs.cairn.info/petit-atlas-historique-de-la-culture-en-occident--9782200355036?lang=fr&redirect-ssocas=7080">https://shs.cairn.info/petit-atlas-historique-de-la-culture-en-occident--9782200355036?lang=fr&redirect-ssocas=7080</a>

Pas d'exemplaire disponible.

PLUDOC

PLUDOC est la plateforme unique et centralisée de gestion des bibliothèques physiques et numériques de Guinée administré par le CEDUST. Elle est la plus grande base de données de ressources documentaires pour les Étudiants, Enseignants chercheurs et Chercheurs de Guinée.

Adresse

627 919 101/664 919 101

25 boulevard du commerce
Kaloum, Conakry, Guinée

Réseaux sociaux

Powered by Netsen Group @ 2025